Sport psychology for coaches / (Record no. 45679)
[ view plain ]
| 000 -LEADER | |
|---|---|
| fixed length control field | 00621nam a22001937a 4500 |
| 005 - DATE AND TIME OF LATEST TRANSACTION | |
| control field | 20100914124029.0 |
| 020 ## - INTERNATIONAL STANDARD BOOK NUMBER | |
| International Standard Book Number | 9780736039864 |
| Terms of availability | 1817.00 |
| 037 ## - SOURCE OF ACQUISITION | |
| Source of stock number/acquisition | UBH |
| 082 ## - DEWEY DECIMAL CLASSIFICATION NUMBER | |
| Classification number | 796.301 |
| 100 ## - MAIN ENTRY--PERSONAL NAME | |
| Personal name | Burton, Damon |
| 245 ## - TITLE STATEMENT | |
| Title | Sport psychology for coaches / |
| Statement of responsibility, etc | by Damon Burton (and) Thomas D. Raedeke |
| 260 ## - PUBLICATION, DISTRIBUTION, ETC. (IMPRINT) | |
| Place of publication, distribution, etc | Champaign |
| Name of publisher, distributor, etc | Human Kinetics |
| Date of publication, distribution, etc | 2008 |
| 270 ## - ADDRESS | |
| Address | P.O. Box, 5076, |
| City | Champaign |
| 300 ## - PHYSICAL DESCRIPTION | |
| Extent | xi, 290p. |
| Other physical details | photos |
| Dimensions | 30cm(pbk) |
| 500 ## - GENERAL NOTE | |
| General note | Includes glossary, references and index |
| 700 ## - ADDED ENTRY--PERSONAL NAME | |
| Personal name | Raedeke, Thomas D. |
| 9 (RLIN) | 19982 |
| 942 ## - ADDED ENTRY ELEMENTS (KOHA) | |
| Source of classification or shelving scheme | Dewey Decimal Classification |
| Item type | English Books |
| Classification part | 796.01 |
| Call number suffix | BUR |
No items available.
